Statistics for Tennessee Whiskey- Chris Stapleton (all lyrics)

Click here to take the quiz!

General Stats

  • This quiz has been taken 105 times
  • The average score is 113 of 142

Answer Stats

Answer.% Correct
a.
100%
when.
97%
as.
96%
Tennessee.
96%
wine.
96%
you.
96%
your.
96%
smooth.
95%
strawberry.
95%
whiskey.
93%
I.
91%
sweet.
91%
the.
91%
You're.
86%
my.
85%
on.
85%
love.
84%
of.
84%
out.
84%
brandy.
82%
glass.
82%
nights.
82%
spend.
82%
to.
82%
Used.
81%
warm.
81%
me.
80%
and.
78%
was.
78%
in.
77%
from.
74%
only.
74%
bottom.
73%
known.
72%
stay.
72%
time
72%
barroom.
70%
but.
70%
for.
70%
all.
69%
rescued.
68%
far.
66%
gone.
66%
I'd.
66%
reachin'.
66%
too.
65%
back.
64%
brought.
64%
honey.
64%
liquor.
64%
stoned.
64%
being.
62%
heart.
59%
it.
59%
high.
57%
like.
57%
old.
57%
places.
57%
same.
57%
waste.
57%
dry.
55%
get.
55%
I've.
55%
always.
54%
didn't.
53%
there's.
53%
looked.
51%
nothing.
51%
'Cause.
47%
found.
47%
bottle's.
45%
poured.
43%

Score Distribution

Percentile by Number Answered

Percent of People with Each Score

Your Score History

You have not taken this quiz